| 000 | 01220nam a2200349 i 4500 | ||
|---|---|---|---|
| 001 | 000043425 | ||
| 003 | DO-SdBNP | ||
| 005 | 20240620112414.0 | ||
| 006 | a||||fr|||| 00| 0 | ||
| 007 | ta | ||
| 008 | 140314e1989 dr 001 0 spa d | ||
| 020 | _z8489525234 | ||
| 040 |
_aDO-SdBNP _bspa _cBNPHU _erda |
||
| 082 | 4 |
_a349.7293 _bV422h, 1989 _222 |
|
| 100 | 1 |
_aVega B., Wenceslao, _d1932- _938670 _eautor |
|
| 245 | 1 | 0 |
_aHistoria del derecho dominicano / _cWenceslao Vega B. |
| 250 | _a2a. edición | ||
| 264 | 4 |
_aSanto Domingo : _bINTEC, _c1989. |
|
| 300 |
_ax, 417 páginas ; _c23 cm. |
||
| 336 |
_2rdacontent _atexto _btxt |
||
| 337 |
_2rdamedia _asin mediación _bn |
||
| 338 |
_2rdacarrier _avolumen _bnc |
||
| 500 | _aIncluye referencias bibliográficas y notas al pie de páginas. | ||
| 500 | _aIncluye datos biográficos del autor en la solapa de la cubierta. | ||
| 504 | _aBibliografía : páginas 379-383 | ||
| 590 | _aInventariado, 2024/ MF | ||
| 650 | 4 |
_aDerecho civil _zRepública Dominicana _91058 |
|
| 651 | 4 |
_aRepública Dominicana _xLegislación _xHistoria _912433 |
|
| 710 | 2 |
_aInstituto Tecnológico de Santo Domingo _978911 |
|
| 910 | _aValidado. Control de calidad MFF | ||
| 942 |
_2ddc _cLBS1 |
||
| 999 |
_c42914 _d42914 |
||